南京地铁S3号线 Nanjing Metro Line S3 - Statistics

General Stats
  • This quiz has been taken 7 times
  • The average score is 14 of 19
Answer Stats
换乘线路 站名 % Correct
1、3、S1 南京南站
100%
景明佳园
100%
铁心桥
100%
2 油坊桥
100%
7 永初路
100%
马骡圩
100%
春江路
86%
天保
86%
刘村
86%
兰花塘
86%
高家冲
86%
贾西
71%
双垅
71%
桥林新城
71%
高庙路
57%
石碛河
43%
林山
43%
平良大街
29%
吴侯街
29%
No matching quizzes found
Score Distribution
Percent of People with Each Score
Percentile by Number Answered
Your Score History
You have not taken this quiz